| 000 | 00914nam a22002057a 4500 | ||
|---|---|---|---|
| 005 | 20241121085817.0 | ||
| 008 | 240726b ||||| |||| 00| 0 eng d | ||
| 040 | _cSSBUL | ||
| 041 | _aMyanmar | ||
| 082 |
_223 _a၂၉၄.၃၈၂၂ အံ့ _b၁၃၀၉၀ S-SAT |
||
| 100 | 0 |
_aအံ့၊ မောင်။ _916443 |
|
| 110 | _949308 | ||
| 245 | 1 | 0 |
_aရဟန်းကျင့်ဖွယ်နှစ်ရာ့နှစ်ဆယ်ခုနှစ်သွယ်၊ ပထမတွဲ / _cမောင်အံ့။ |
| 260 |
_aရန်ကုန်၊ _bသာသနာရေးဦးစီးဌာန၊ _c၁၉၈၁။ |
||
| 300 |
_aဍ၊ ၁၂၈ စာမျက်နှာ၊ _c၂၀ စင်တီ။ |
||
| 500 | _aS-SAT: Dr. Sai Aung Tun | ||
| 650 |
_aသံဃာ _xစည်းမျဥ်းစည်းကမ်း။ _949165 |
||
| 650 | _aဝိနည်း | ||
| 942 |
_2ddc _cBK1 |
||
| 999 |
_c41118 _d41118 |
||